[Event "Olimpiade 2014 - Open"]
[Site "Tromsø"]
[Date "06.08.2014"]
[Round "5.17"]
[Board "2"]
[White "Rozentalis, Eduardas"]
[Black "Moradiabadi, Elshan"]
[Result "1/2-1/2"]
[WhiteTitle "GM"]
[BlackTitle "GM"]
[WhiteElo "2606"]
[BlackElo "2598"]
[WhiteTeam "Lithuania"]
[BlackTeam "Iran"]
[WhiteFideId "12800023"]
[BlackFideId "12501255"]
[EventDate "2014.08.02"]

1. e4 e6 2. d4 d5 3. Nd2 c5 4. Ngf3 cxd4 5. exd5 Qxd5 6. Bc4 Qd6 7. O-O Nf6 8.
Nb3 Nc6 9. Re1 a6 10. Nbxd4 Nxd4 11. Nxd4 Qc7 12. Bd3 Bd6 13. Nf5 Bxh2+ 14. Kh1
O-O 15. Nxg7 Kxg7 16. Qd2 Bf4 17. Qxf4 Qxf4 18. Bxf4 Nd5 19. Bd2 b5 20. Re4 f5
21. Re5 Kf7 22. Rae1 Rd8 23. f3 h5 24. Kg1 b4 25. Bg5 Rd6 26. g4 hxg4 27. fxg4
Kg6 28. Bd2 Bd7 29. gxf5+ exf5 30. R5e2 Kf7 31. Rg2 Rc8 32. Rg5 a5 33. Bxf5 Bxf5
34. Rxf5+ Nf6 35. Bg5 Rxc2 36. Ref1 Rcc6 37. Rxa5 Kg6 38. Bxf6 Rxf6 1/2-1/2

[Event "Olimpiade 2014 - Open"]
[Site "Tromsø"]
[Date "06.08.2014"]
[Round "5.17"]
[Board "3"]
[White "Idani, Pouya"]
[Black "Beinoras, Mindaugas"]
[Result "1-0"]
[WhiteTitle "IM"]
[BlackTitle "IM"]
[WhiteElo "2499"]
[BlackElo "2402"]
[WhiteTeam "Iran"]
[BlackTeam "Lithuania"]
[WhiteFideId "12510130"]
[BlackFideId "12802085"]
[EventDate "2014.08.02"]

1. e4 e5 2. Nf3 Nc6 3. Bb5 Nf6 4. d3 d6 5. O-O Bd7 6. c3 g6 7. h3 Bg7 8. Be3 O-O
9. Nbd2 Re8 10. Ba4 h6 11. b4 a5 12. b5 Nb8 13. Bb3 Be6 14. Bxe6 Rxe6 15. c4
Nbd7 16. Qc2 Nc5 17. Rad1 Nfd7 18. Rfe1 Re8 19. Nb1 Ne6 20. Nc3 Ndc5 21. Qd2 Kh7
22. d4 exd4 23. Nxd4 Nxd4 24. Bxd4 Bxd4 25. Qxd4 Ne6 26. Qe3 Qg5 27. Qxg5 hxg5
28. b6 Rec8 29. Nb5 cxb6 30. Nxd6 Rc7 31. Rb1 Ra6 32. Rb5 Kg8 33. Reb1 Rc6 34.
Rd5 Nf4 35. Rd2 Ra8 36. e5 a4 37. g3 Ne6 38. Kg2 Rd8 39. Rdb2 Nc5 40. Rxb6 Rc7
41. R1b5 Kf8 42. Ra5 Rb8 43. Nb5 Re7 44. Nd4 Rc8 45. Nf3 Rcc7 46. Rbb5 Ne4 47.
Rxa4 g4 48. hxg4 Nc3 49. Ra8+ Re8 50. Rxe8+ Kxe8 51. Rb6 Rxc4 52. e6 f6 53. g5
fxg5 54. Nxg5 Rc7 55. Nf3 Nd5 56. Rb5 Ne7 57. Ne5 Kf8 58. Nf7 Rc2 59. Rxb7 Rxa2
60. Ng5 Ra8 61. Nh7+ Ke8 62. Kh3 Rc8 63. Kg4 Rc6 64. Rb8+ Nc8 65. Kg5 Ke7 66.
Rb7+ Kxe6 67. Nf8+ Kd5 68. Nxg6 Rc2 69. Ne7+ Nxe7 70. Rxe7 Rxf2 71. g4 Kd6 72.
Re1 Rf8 73. Kh6 1-0

[Event "Olimpiade 2014 - Open"]
[Site "Tromsø"]
[Date "06.08.2014"]
[Round "5.17"]
[Board "4"]
[White "Pileckis, Emilis"]
[Black "Toufighi, Homayoon"]
[Result "1/2-1/2"]
[WhiteTitle "IM"]
[BlackTitle "GM"]
[WhiteElo "2447"]
[BlackElo "2424"]
[WhiteTeam "Lithuania"]
[BlackTeam "Iran"]
[WhiteFideId "12802476"]
[BlackFideId "12503592"]
[EventDate "2014.08.02"]

1. Nf3 d5 2. d4 e6 3. c4 Be7 4. Nc3 Nf6 5. Bg5 h6 6. Bh4 O-O 7. e3 b6 8. Bd3 Bb7
9. O-O Nbd7 10. Qe2 Ne4 11. Bg3 c5 12. Rfd1 Nxg3 13. hxg3 cxd4 14. Nxd4 Nf6 15.
Rac1 Rc8 16. Ncb5 a6 17. Na7 Rc5 18. b4 Rc7 19. b5 Ba3 20. Rb1 Bc5 21. bxa6 Bxa6
22. Nab5 Rd7 23. Nc6 Qc8 24. Ne5 Rdd8 25. Rbc1 Bb7 26. Nf3 Qb8 27. Bb1 dxc4 28.
Rxc4 Rxd1+ 29. Qxd1 Rd8 30. Qe2 Qa8 31. Rc1 Bc6 32. Nbd4 Bd5 33. Nb3 Qa3 34. Rd1
Ra8 35. Nfd2 Qb2 36. Qd3 Ng4 37. Rf1 Qe5 38. e4 Bxb3 39. axb3 Qc7 40. e5 Rd8 41.
Qh7+ Kf8 42. Qh8+ Ke7 43. Qxg7 Rxd2 44. Qxg4 Qxe5 45. Qc4 Rxf2 46. Rxf2 Qe1+ 47.
Kh2 Qxf2 48. Qc1 Bd6 49. Qc3 h5 50. Qg7 h4 51. Qg5+ Qf6 52. Qxf6+ Kxf6 53. Kh3
hxg3 54. Kg4 Ke7 55. Bd3 Kf6 56. Bb5 Ke7 57. Kf3 f5 58. Ba6 Be5 59. Bc8 Kd6 60.
Ba6 Ke7 61. Bc4 Bb8 62. Ba6 Kf6 63. Bc8 Ke7 64. Ba6 Kd7 65. Bc4 Bc7 66. Ba6 Bd6
67. Bb5+ Ke7 68. Ba6 Bc7 69. Bc8 b5 70. Ba6 b4 71. Bc8 Kf6 72. Ba6 1/2-1/2

[Event "Olimpiade 2014 - Open"]
[Site "Tromsø"]
[Date "06.08.2014"]
[Round "5.18"]
[Board "4"]
[White "Shankland, Samuel L"]
[Black "Hambleton, Aman"]
[Result "1-0"]
[WhiteTitle "GM"]
[BlackTitle "IM"]
[WhiteElo "2624"]
[BlackElo "2458"]
[WhiteTeam "United States of America"]
[BlackTeam "Canada"]
[WhiteFideId "2004887"]
[BlackFideId "2606577"]
[EventDate "2014.08.02"]

1. e4 e6 2. d4 d5 3. Nd2 c5 4. exd5 Qxd5 5. Ngf3 cxd4 6. Bc4 Qd7 7. O-O Nf6 8.
Nb3 Nc6 9. Qe2 a6 10. a4 Bd6 11. Rd1 O-O 12. Nbxd4 Nxd4 13. Rxd4 Qc7 14. Bg5 e5
15. Rh4 Bf5 16. Bxf6 gxf6 17. Bd3 Bg6 18. Rg4 Rfe8 19. Nh4 e4 20. Bxe4 Bxh2+ 21.
Kh1 Bf4 22. Qf3 Bg5 23. Nxg6 hxg6 24. Bxb7 Rab8 25. Bc6 Rec8 26. Bd5 Kg7 27. g3
Rxb2 28. Bb3 Qe5 29. Rd1 Rc3 30. Qd5 Qxd5+ 31. Rxd5 f5 32. Rgd4 Rb1+ 33. Kg2 Bf6
34. Rd2 Re1 35. Rd7 Be7 36. Ra7 Rc6 37. Rdd7 Kf6 38. a5 g5 39. Rdb7 Rd6 40. Rb6
Ra1 41. Rxd6+ Bxd6 42. Rxa6 Ke7 43. Ra7+ Kd8 44. Bxf7 Bb8 45. Ra8 Kc7 46. Ra6 f4
47. gxf4 gxf4 48. Kf3 Ra3+ 49. Kg4 Rc3 50. Rf6 Rxc2 51. Rxf4 Kd8 52. Rf5 Ba7 53.
f3 Rc3 54. Bd5 Bf2 55. a6 Ra3 56. Rf6 Ra5 57. Be4 Ke7 58. Rc6 Ra4 59. Kh3 Ra3
60. Kg2 Be3 61. Kf1 Bd4 62. Ke2 Re3+ 63. Kd2 Ra3 64. Bd3 Be5 65. Rc2 Kd6 66. Ke2
Bd4 67. f4 Ke7 68. Rc6 Kd7 69. Bb5 Ke7 70. Rc4 Bb6 71. Ra4 Re3+ 72. Kd2 Ba7 73.
Bd3 Kd6 74. Rb4 Re7 75. f5 Bc5 76. Rg4 Be3+ 77. Kc3 Rc7+ 78. Rc4 Ra7 79. Re4
Rc7+ 80. Bc4 Bg5 81. Re6+ Kc5 82. f6 Bf4 83. Re7 Rc8 84. f7 Bd6 85. Re8 Rc7 86.
f8=Q Bxf8 87. Rxf8 Kb6 88. Kb4 Rc6 89. Rb8+ Ka7 90. Rb7+ Ka8 91. Rh7 Kb8 92. Bb5
Rf6 93. Kc5 Rg6 94. Bc6 1-0

[Event "Olimpiade 2014 - Open"]
[Site "Tromsø"]
[Date "06.08.2014"]
[Round "5.19"]
[Board "1"]
[White "Zhigalko, Sergei"]
[Black "Ragger, Markus"]
[Result "1-0"]
[WhiteTitle "GM"]
[BlackTitle "GM"]
[WhiteElo "2678"]
[BlackElo "2644"]
[WhiteTeam "Belarus"]
[BlackTeam "Austria"]
[WhiteFideId "13502956"]
[BlackFideId "1610856"]
[EventDate "2014.08.02"]

1. e4 e5 2. Nf3 Nc6 3. Bc4 Nf6 4. Ng5 d5 5. exd5 Na5 6. Bb5+ c6 7. dxc6 bxc6 8.
Bd3 Nd5 9. Nf3 Bd6 10. O-O Nf4 11. Nc3 Nxd3 12. cxd3 O-O 13. Ne4 c5 14. b3 Nc6
15. Ba3 Nb4 16. Bxb4 cxb4 17. Re1 Bb7 18. Nxd6 Qxd6 19. Nxe5 Rfe8 20. Nc4 Qxd3
21. Re3 Qg6 22. f3 Red8 23. Qe2 h6 24. Re1 a5 25. Qf2 Ba6 26. d3 Bb5 27. Re5
Rab8 28. R5e3 a4 29. Qg3 Qxg3 30. hxg3 axb3 31. axb3 Ra8 32. Kf2 f6 33. g4 Ra2+
34. R1e2 Ra1 35. Re1 Ra2+ 36. R3e2 Ra7 37. Rd2 Kf7 38. Re4 Bc6 39. Rf4 Kg6 40.
Ne3 Rb7 41. Rc4 Bd7 42. d4 Ra8 43. d5 Kf7 44. Re4 Ra6 45. Rdd4 Ra3 46. Nc4 Ra6
47. Kg3 Kf8 48. Nd2 Ra2 49. Nc4 Ra6 50. Rd2 Be8 51. Re6 Rba7 52. Rxa6 Rxa6 53.
Kf4 Ke7 54. Ke3 Ra1 55. Kd4 Rb1 56. Rb2 Rd1+ 57. Kc5 Rd3 58. d6+ Kf8 59. Kxb4
Bf7 60. Kc5 Be6 61. Re2 Kf7 62. Re3 Rd1 63. Kc6 Rd4 64. Nb6 h5 65. gxh5 f5 66.
d7 f4 67. Re4 1-0

[Event "Olimpiade 2014 - Open"]
[Site "Tromsø"]
[Date "06.08.2014"]
[Round "5.19"]
[Board "2"]
[White "Shengelia, David"]
[Black "Aleksandrov, Aleksej"]
[Result "1/2-1/2"]
[WhiteTitle "GM"]
[BlackTitle "GM"]
[WhiteElo "2556"]
[BlackElo "2595"]
[WhiteTeam "Austria"]
[BlackTeam "Belarus"]
[WhiteFideId "13601270"]
[BlackFideId "13500139"]
[EventDate "2014.08.02"]

1. Nf3 Nf6 2. c4 e6 3. g3 d5 4. Bg2 dxc4 5. Qa4+ c6 6. Qxc4 b5 7. Qb3 Bb7 8. O-O
a6 9. Ne5 Qd6 10. d4 Qxd4 11. Bf4 Be7 12. Rd1 Qb4 13. Qe3 Qc5 14. Qxc5 Bxc5 15.
Nd2 Nd5 16. Rac1 Be7 17. Nb3 Nxf4 18. gxf4 a5 19. Nd4 O-O 20. Nxb5 cxb5 21. Bxb7
Ra7 22. Bc6 b4 23. Ba4 g6 24. e3 Kg7 25. Kg2 h5 26. Kf3 Kf6 27. h3 Rh8 28. Rc4
Rb7 29. Ke2 Rg8 30. Rdc1 Bd6 31. Nf3 Ke7 32. Nd4 g5 33. Nb5 gxf4 34. Nxd6 Kxd6
35. Rxf4 Rg5 36. Rc8 Rg1 37. Rd4+ Ke7 38. Rd1 Rxd1 39. Kxd1 Nd7 40. Ra8 Nc5 41.
Rxa5 Kd6 42. Bc2 f5 43. Ra8 Rg7 44. Rb8 Rg1+ 45. Ke2 Ra1 46. Rxb4 Rxa2 47. Kd2
Ra1 48. Rd4+ Kc6 49. b4 Na6 50. Rh4 Kd6 51. Bd3 Ra2+ 52. Ke1 Nc7 53. Rxh5 Nd5
54. Rh6 f4 55. Bc4 Rb2 56. Bxd5 Kxd5 57. Rh4 e5 58. exf4 Rxb4 59. Ke2 exf4 60.
Kf3 Ke5 61. Rh5+ Kf6 62. h4 Ra4 63. Rg5 Rb4 64. Kg4 Ra4 65. f3 Rb4 66. Rf5+ Kg6
67. Rxf4 Rb1 68. h5+ Kg7 69. Ra4 Rb5 70. f4 Rb1 71. Ra7+ Kh6 72. Ra6+ Kg7 73.
Rg6+ Kh7 74. Re6 Kg7 75. Kg5 Rg1+ 76. Kf5 Ra1 77. Rg6+ Kh7 78. Kg5 Rg1+ 79. Kf6
Ra1 80. f5 Ra2 81. Rg7+ Kh6 82. Re7 Ra5 83. Re5 Ra7 84. Re8 Ra6+ 85. Re6 Ra7 86.
Re7 Ra5 87. Ke6 Kxh5 88. f6 Kg6 89. Rg7+ Kh6 90. Rd7 Kg6 91. Rg7+ Kh6 92. Rg8
Ra6+ 93. Ke5 Ra5+ 94. Ke4 Ra4+ 95. Kd5 Ra5+ 96. Kc4 Rf5 97. Rf8 Kg6 98. Kd4 Rxf6
99. Rxf6+ 1/2-1/2

[Event "Olimpiade 2014 - Open"]
[Site "Tromsø"]
[Date "06.08.2014"]
[Round "5.19"]
[Board "3"]
[White "Kovalev, Vladislav"]
[Black "Kreisl, Robert"]
[Result "1/2-1/2"]
[WhiteTitle "GM"]
[BlackTitle "IM"]
[WhiteElo "2532"]
[BlackElo "2432"]
[WhiteTeam "Belarus"]
[BlackTeam "Austria"]
[WhiteFideId "13504398"]
[BlackFideId "1613880"]
[EventDate "2014.08.02"]

1. e4 c6 2. d4 d5 3. Nd2 dxe4 4. Nxe4 Bf5 5. Ng3 Bg6 6. h4 h6 7. Nf3 Nd7 8. h5
Bh7 9. Bd3 Bxd3 10. Qxd3 e6 11. Bf4 Ngf6 12. O-O-O Be7 13. Ne5 Nxe5 14. dxe5
Qxd3 15. Rxd3 Nd5 16. Bd2 b5 17. Ne4 f5 18. exf6 gxf6 19. Re1 Kf7 20. g4 Rad8
21. Rf3 Rdg8 22. g5 hxg5 23. Nxg5+ Ke8 24. Nxe6 Rxh5 25. Nf4 Nxf4 26. Bxf4 Kf7
27. Bg3 Rd8 28. Rfe3 Bc5 29. Re6 Rc8 30. R6e4 Rf5 31. R1e2 Rd8 32. c3 Rd7 33.
Rh4 Kg7 34. Kc2 a5 35. a4 Bb6 36. Bf4 Bc7 37. Bxc7 Rxc7 38. f4 Rf7 39. Rg2+ Kf8
40. Rh8+ Ke7 41. axb5 cxb5 42. Ra8 Rxf4 43. Rxa5 b4 44. Ra7+ Kf8 45. Ra8+ Ke7
46. Re2+ Kd6 47. Ra6+ Kd5 48. Rd2+ Kc5 49. Rad6 Rf5 50. cxb4+ Kxb4 51. Rb6+ Rb5 1/2-1/2

[Event "Olimpiade 2014 - Open"]
[Site "Tromsø"]
[Date "06.08.2014"]
[Round "5.19"]
[Board "4"]
[White "Diermair, Andreas"]
[Black "Stupak, Kirill"]
[Result "1/2-1/2"]
[WhiteTitle "IM"]
[BlackTitle "GM"]
[WhiteElo "2447"]
[BlackElo "2514"]
[WhiteTeam "Austria"]
[BlackTeam "Belarus"]
[WhiteFideId "1612468"]
[BlackFideId "13503758"]
[EventDate "2014.08.02"]

1. d4 g6 2. c4 Bg7 3. Nf3 d6 4. Nc3 e5 5. e4 exd4 6. Nxd4 Nc6 7. Be3 Nge7 8. h4
O-O 9. h5 f5 10. hxg6 hxg6 11. exf5 Nxf5 12. Nxf5 Bxf5 13. Qd2 Qf6 14. O-O-O Ne5
15. Nd5 Qf7 16. Bh6 Be6 17. Bxg7 Qxg7 18. f4 Ng4 19. g3 Rae8 20. Bh3 c6 21. Nc3
Nf6 22. Qxd6 Bxc4 23. Rhe1 a6 24. Kb1 Rxe1 25. Rxe1 Re8 26. Re5 Qf8 27. Qd4 Bf7
28. g4 Rd8 29. Qe3 Qd6 30. g5 Nh5 31. Bg4 Ng7 32. Ne4 Qd4 33. Nf6+ Kf8 34. Nh7+
Kg8 35. Nf6+ Kf8 36. Qa3+ Rd6 37. Nd7+ Kg8 38. Nf6+ Kf8 39. Ne4 Qd3+ 40. Qxd3
Rxd3 41. Kc2 Rd8 42. Kc3 Bxa2 43. Nc5 b6 44. Nd7+ Kf7 45. Re1 Be6 46. Ne5+ Kg8
47. Bxe6+ Nxe6 48. Nxg6 Nd4 49. Ne7+ Kg7 50. Re4 c5 51. f5 Nb5+ 52. Kb3 Rd3+ 53.
Ka2 Rg3 54. f6+ Kf7 55. Re5 Nd4 56. Nd5 Nc6 57. Rf5 Nd4 58. Re5 Nc6 59. Rf5 b5
60. Nc3 Nb4+ 61. Kb3 Nc6 62. Rxc5 Nd4+ 63. Kb4 Ne6 64. Rc6 Rg4+ 65. Ka5 b4 66.
g6+ Rxg6 67. Kxb4 Rxf6 68. Rxa6 Nd8 69. Rxf6+ Kxf6 70. Kc5 Ke5 71. b4 Ne6+ 72.
Kc6 Kd4 73. Ne2+ Kc4 74. b5 Nd8+ 75. Kb6 Nb7 76. Nd4 Nd6 77. Kc6 Nxb5 78. Nxb5 1/2-1/2

[Event "Olimpiade 2014 - Open"]
[Site "Tromsø"]
[Date "06.08.2014"]
[Round "5.20"]
[Board "1"]
[White "Leko, Peter"]
[Black "Vallejo Pons, Francisco"]
[Result "1/2-1/2"]
[WhiteTitle "GM"]
[BlackTitle "GM"]
[WhiteElo "2740"]
[BlackElo "2698"]
[WhiteTeam "Hungary"]
[BlackTeam "Spain"]
[WhiteFideId "703303"]
[BlackFideId "2205530"]
[EventDate "2014.08.02"]

1. d4 Nf6 2. c4 e6 3. Nf3 b6 4. g3 Bb4+ 5. Bd2 Bxd2+ 6. Qxd2 Bb7 7. Bg2 O-O 8.
Nc3 Ne4 9. Qd3 d5 10. cxd5 exd5 11. O-O Nd7 12. Nd2 Nef6 13. b4 c5 14. bxc5 bxc5
15. Rab1 Bc6 16. e3 c4 17. Qc2 Rc8 18. Qb2 Qa5 19. Qb4 Qa6 20. Rfc1 Rfe8 21. a4
h5 22. h4 g6 23. a5 Kg7 24. Qa3 Nb6 25. Nf3 Nbd7 26. Ng5 Nf8 27. Rb2 Ne6 28.
Nxe6+ Rxe6 29. Rcb1 Ree8 30. Rb4 Red8 31. Ra1 Rc7 32. Rab1 Rcc8 33. Qa1 Kg8 34.
R1b2 Kg7 35. Rb1 Kg8 36. R4b2 Kg7 37. Qa3 Re8 38. Rb4 Red8 39. Bf3 Re8 40. R4b2
Red8 41. Bg2 Re8 1/2-1/2

[Event "Olimpiade 2014 - Open"]
[Site "Tromsø"]
[Date "06.08.2014"]
[Round "5.20"]
[Board "2"]
[White "Anton Guijarro, David"]
[Black "Balogh, Csaba"]
[Result "0-1"]
[WhiteTitle "GM"]
[BlackTitle "GM"]
[WhiteElo "2624"]
[BlackElo "2637"]
[WhiteTeam "Spain"]
[BlackTeam "Hungary"]
[WhiteFideId "2285525"]
[BlackFideId "718939"]
[EventDate "2014.08.02"]

1. Nf3 d5 2. g3 Bg4 3. Bg2 c6 4. d3 e6 5. Nbd2 Bd6 6. e4 Ne7 7. O-O O-O 8. b3 a5
9. a3 c5 10. exd5 exd5 11. h3 Bh5 12. Re1 Nbc6 13. Bb2 Re8 14. c4 Qd7 15. Qc1 d4
16. Ne4 Bxf3 17. Bxf3 Ne5 18. Qd1 Nxf3+ 19. Qxf3 Nc6 20. Rad1 Bf8 21. g4 Ra6 22.
Bc1 Rb6 23. Bf4 Rxb3 24. Nd6 Re6 25. Nb5 Ne7 26. Nc7 Rf6 27. Qe4 Rxf4 28. Qxf4
Ng6 29. Qg3 Bd6 30. Re8+ Nf8 31. Qh4 Bxc7 32. Rde1 Rb6 33. Qe7 Qxe7 34. R1xe7
Bd6 35. Rd7 g5 36. Red8 Bf4 37. Re7 Kg7 38. Ra8 Rb1+ 39. Kg2 Ng6 0-1

[Event "Olimpiade 2014 - Open"]
[Site "Tromsø"]
[Date "06.08.2014"]
[Round "5.20"]
[Board "3"]
[White "Almasi, Zoltan"]
[Black "Salgado Lopez, Ivan"]
[Result "1-0"]
[WhiteTitle "GM"]
[BlackTitle "GM"]
[WhiteElo "2690"]
[BlackElo "2620"]
[WhiteTeam "Hungary"]
[BlackTeam "Spain"]
[WhiteFideId "702293"]
[BlackFideId "2257327"]
[EventDate "2014.08.02"]

1. e4 c5 2. Nf3 Nc6 3. d4 cxd4 4. Nxd4 Qb6 5. Nb3 Nf6 6. Nc3 e6 7. Bd3 a6 8. Be3
Qc7 9. f4 d6 10. Qf3 Be7 11. g4 Nb4 12. g5 Nd7 13. O-O-O Nxd3+ 14. cxd3 b5 15.
Kb1 Bb7 16. Qh3 Nc5 17. g6 fxg6 18. Nxc5 dxc5 19. Qxe6 Qc6 20. Qb3 Qd7 21. Rhe1
Rd8 22. Ka1 Bc6 23. Ne2 Bb7 24. f5 gxf5 25. Nf4 fxe4 26. Ne6 c4 27. Nxg7+ Kf7
28. Rf1+ Kxg7 29. Qc3+ Kg6 30. Rg1+ Kf7 31. Qg7+ Ke6 32. Qg4+ Ke5 33. Bf4+ Kf6
34. Qg7+ Ke6 35. Qe5+ Kf7 36. Rg7+ Kf8 37. Bh6 1-0

[Event "Olimpiade 2014 - Open"]
[Site "Tromsø"]
[Date "06.08.2014"]
[Round "5.21"]
[Board "1"]
[White "Amin, Bassem"]
[Black "Munoz Sanchez, Miguel"]
[Result "1-0"]
[WhiteTitle "GM"]
[BlackTitle "IM"]
[WhiteElo "2627"]
[BlackElo "2296"]
[WhiteTeam "Egypt"]
[BlackTeam "Ecuador"]
[WhiteFideId "10601457"]
[BlackFideId "3600734"]
[EventDate "2014.08.02"]

1. e4 c5 2. Nf3 Nc6 3. d3 g6 4. g3 Bg7 5. Bg2 d6 6. O-O e5 7. c3 Nge7 8. a3 a5
9. a4 O-O 10. Be3 h6 11. Nfd2 b6 12. Nc4 Be6 13. Qd2 Kh7 14. f4 exf4 15. Bxf4 d5
16. exd5 Nxd5 17. Bd6 Re8 18. Nba3 Ra7 19. Nb5 Rd7 20. Rae1 Na7 21. Bxd5 Bxd5
22. Rxe8 Qxe8 23. Nc7 Rxc7 24. Bxc7 Bb7 25. Be5 Bf8 26. Qf4 f5 27. Bb8 Bg7 28.
Bxa7 Qc6 29. Kf2 h5 30. Bxb6 Qg2+ 31. Ke1 Bh6 32. Qf2 Qd5 33. Qxc5 Qxd3 34. Qe7+ 1-0

[Event "Olimpiade 2014 - Open"]
[Site "Tromsø"]
[Date "06.08.2014"]
[Round "5.21"]
[Board "2"]
[White "Guerra Tulcan, Lenin"]
[Black "Shoker, Samy"]
[Result "0-1"]
[WhiteTitle "FM"]
[BlackTitle "IM"]
[WhiteElo "2374"]
[BlackElo "2487"]
[WhiteTeam "Ecuador"]
[BlackTeam "Egypt"]
[WhiteFideId "3601382"]
[BlackFideId "627143"]
[EventDate "2014.08.02"]

1. e4 d6 2. d4 Nf6 3. Nc3 g6 4. Nf3 Bg7 5. Bc4 Nc6 6. O-O O-O 7. Re1 Bg4 8. Be3
Nxe4 9. Nxe4 d5 10. Bd3 dxe4 11. Bxe4 f5 12. Bxc6 bxc6 13. h3 Bh5 14. Bf4 Rb8
15. Rb1 c5 16. dxc5 Qxd1 17. Rbxd1 Rfe8 18. Bxc7 Rxb2 19. Rd7 Bxf3 20. gxf3 Rxc2
21. Be5 Bxe5 22. Rxe5 Kf7 23. Rxa7 Kf6 24. Rd5 Rb8 25. c6 Rb1+ 26. Kg2 f4 27. h4
Rcc1 28. Rd4 Rg1+ 29. Kh3 Rh1+ 30. Kg4 h5+ 31. Kxf4 e5+ 32. Ke3 Rhe1+ 0-1

[Event "Olimpiade 2014 - Open"]
[Site "Tromsø"]
[Date "06.08.2014"]
[Round "5.21"]
[Board "3"]
[White "Adly, Ahmed"]
[Black "Mieles Palau, Daniel"]
[Result "1-0"]
[WhiteTitle "GM"]
[BlackTitle "IM"]
[WhiteElo "2589"]
[BlackElo "2374"]
[WhiteTeam "Egypt"]
[BlackTeam "Ecuador"]
[WhiteFideId "10601619"]
[BlackFideId "3600467"]
[EventDate "2014.08.02"]

1. d4 Nf6 2. Nf3 e6 3. g3 b5 4. Bg2 Bb7 5. a4 a6 6. O-O Be7 7. axb5 axb5 8. Rxa8
Bxa8 9. Qd3 b4 10. Bf4 Bb7 11. c4 bxc3 12. Nxc3 O-O 13. Ra1 d6 14. e4 Nbd7 15.
Nd2 e5 16. dxe5 dxe5 17. Be3 Ng4 18. Ba7 Nc5 19. Qe2 Ba6 20. Rxa6 Nxa6 21. Nd5
Bc5 22. Qxa6 Qa8 23. Qe2 Qxa7 24. Qxg4 c6 25. Nf6+ Kh8 26. Qf5 gxf6 27. Qxf6+
Kg8 28. Nc4 Bd4 29. Bh3 Qa1+ 30. Kg2 Qe1 31. Nd6 h6 32. Bg4 Qxf2+ 33. Qxf2 Bxf2
34. Kxf2 Rd8 35. Nc4 Rd4 36. Be2 Rxe4 37. Kf3 f5 38. Bd3 Rd4 39. Nxe5 Rb4 40.
Bc4+ Kg7 41. b3 1-0

[Event "Olimpiade 2014 - Open"]
[Site "Tromsø"]
[Date "06.08.2014"]
[Round "5.21"]
[Board "4"]
[White "Santos Flores, Alberto"]
[Black "El Gindy, Essam"]
[Result "1/2-1/2"]
[WhiteTitle "IM"]
[BlackTitle "GM"]
[WhiteElo "2291"]
[BlackElo "2486"]
[WhiteTeam "Ecuador"]
[BlackTeam "Egypt"]
[WhiteFideId "3601234"]
[BlackFideId "10600140"]
[EventDate "2014.08.02"]

1. e4 c5 2. Nf3 Nc6 3. d4 cxd4 4. Nxd4 e5 5. Nb5 d6 6. N1c3 a6 7. Na3 b5 8. Nd5
Nce7 9. c4 Nxd5 10. cxd5 f5 11. exf5 Bxf5 12. Bd3 Bxd3 13. Qxd3 Nf6 14. O-O Be7
15. Nc2 Qc8 16. Bg5 O-O 17. Ne3 Qd7 18. Rac1 Nh5 19. Bxe7 Qxe7 20. g3 Qg5 21. h4
Qe7 22. Rc6 e4 23. Qa3 Rad8 24. Qxa6 Qe5 25. Qxb5 Rf3 26. Qe2 Rdf8 27. Rcc1 g5
28. hxg5 Qxg5 29. Ng2 Qxd5 30. Rfd1 Qe6 31. Qc4 Qxc4 32. Rxc4 Rxf2 33. Rxe4 Rxb2
34. Rg4+ Kh8 35. Rxd6 1/2-1/2

[Event "Olimpiade 2014 - Open"]
[Site "Tromsø"]
[Date "06.08.2014"]
[Round "5.22"]
[Board "1"]
[White "Megaranto, Susanto"]
[Black "Leitao, Rafael"]
[Result "1-0"]
[WhiteTitle "GM"]
[BlackTitle "GM"]
[WhiteElo "2527"]
[BlackElo "2649"]
[WhiteTeam "Indonesia"]
[BlackTeam "Brazil"]
[WhiteFideId "7101384"]
[BlackFideId "2101246"]
[EventDate "2014.08.02"]

1. e4 e5 2. Nf3 Nc6 3. Bb5 a6 4. Ba4 Nf6 5. O-O Be7 6. Re1 b5 7. Bb3 d6 8. c3
O-O 9. h3 Nb8 10. d4 Nbd7 11. Nbd2 Bb7 12. Bc2 Re8 13. Nf1 Bf8 14. Ng3 g6 15. a4
c5 16. d5 c4 17. Bg5 Be7 18. Qd2 Nc5 19. Bh6 Nfd7 20. Nh2 Nxa4 21. Bxa4 bxa4 22.
Be3 a5 23. Ng4 Bf8 24. Bh6 Be7 25. f4 exf4 26. Bxf4 f6 27. Rf1 Rf8 28. h4 Ne5
29. Nh6+ Kh8 30. h5 Nd3 31. Be3 Qe8 32. Bd4 Bc8 33. hxg6 hxg6 34. Nhf5 gxf5 35.
Qh6+ Kg8 36. Nxf5 Bxf5 37. Rxf5 Ne5 38. Bxe5 dxe5 39. Rf3 Bc5+ 40. Kf1 1-0

[Event "Olimpiade 2014 - Open"]
[Site "Tromsø"]
[Date "06.08.2014"]
[Round "5.22"]
[Board "2"]
[White "Mekhitarian, Krikor Sevag"]
[Black "Farid, Firman Syah"]
[Result "1/2-1/2"]
[WhiteTitle "GM"]
[BlackTitle "IM"]
[WhiteElo "2568"]
[BlackElo "2400"]
[WhiteTeam "Brazil"]
[BlackTeam "Indonesia"]
[WhiteFideId "2107660"]
[BlackFideId "7102526"]
[EventDate "2014.08.02"]

1. e4 e5 2. Nf3 Nc6 3. Bb5 a6 4. Ba4 Nf6 5. O-O b5 6. Bb3 Bc5 7. a4 Rb8 8. axb5
axb5 9. Nxe5 Nxe5 10. d4 Bxd4 11. Qxd4 d6 12. Bf4 O-O 13. f3 Re8 14. Rd1 Ng6 15.
Bg3 Be6 16. Bxe6 fxe6 17. Ra7 Nh5 18. Qc3 Re7 19. Nd2 Rf7 20. Nf1 Ngf4 21. Qd2
Qf6 22. b3 d5 23. Re1 dxe4 24. Rxe4 Rd8 25. Qf2 h6 26. Re1 Qc3 27. Raa1 Rd6 28.
Rad1 Rfd7 29. Rxd6 cxd6 30. Qe3 Qxe3+ 31. Nxe3 d5 32. Ng4 Rc7 33. Bxf4 Nxf4 34.
g3 Nh3+ 35. Kg2 Ng5 36. Re2 Rc3 37. Ne5 Nf7 38. Nd3 Nd8 39. Kf2 Nc6 40. Rxe6
Rxc2+ 41. Ke3 Na5 42. Rb6 Nxb3 43. Rxb5 d4+ 44. Kf4 Nd2 45. Rb8+ Kh7 46. h4 Rc6
47. Rf8 g6 48. Ke5 Kg7 49. Rf4 Nb3 50. Kd5 Rc3 51. Ke4 h5 52. g4 hxg4 53. Rxg4
Kf6 54. Rf4+ Kg7 55. Rg4 Kf6 56. Rf4+ Kg7 57. Rg4 1/2-1/2

[Event "Olimpiade 2014 - Open"]
[Site "Tromsø"]
[Date "06.08.2014"]
[Round "5.22"]
[Board "4"]
[White "El Debs, Felipe de Cresce"]
[Black "Priasmoro, Novendra"]
[Result "1/2-1/2"]
[WhiteTitle "GM"]
[WhiteElo "2522"]
[BlackElo "2250"]
[WhiteTeam "Brazil"]
[BlackTeam "Indonesia"]
[WhiteFideId "2106981"]
[BlackFideId "7105029"]
[EventDate "2014.08.02"]

1. d4 Nf6 2. c4 g6 3. Nc3 d5 4. Nf3 Bg7 5. Bg5 Ne4 6. Bf4 Nxc3 7. bxc3 O-O 8. e3
c5 9. cxd5 Qxd5 10. Be2 Nc6 11. O-O b6 12. Qa4 Bb7 13. Rac1 cxd4 14. cxd4 Rac8
15. Bc4 Qa5 16. Bb5 Qxa4 17. Bxa4 Nb4 18. Bg5 f6 19. Bh4 Bd5 20. Bd7 Rxc1 21.
Rxc1 Nxa2 22. Rc7 Nb4 23. Rxa7 Ra8 24. Rxa8+ Bxa8 25. Nd2 Bc6 26. Be6+ Kf8 27.
Bg3 b5 28. Kf1 Ke8 29. Bc7 Bd5 30. Bc8 f5 31. Ke2 Bf6 32. f3 e6 33. e4 Ba2 34.
Bb6 Nc6 35. Kd3 Bg5 36. Bc5 Bxd2 37. Kxd2 Kd8 38. Bb7 Kc7 39. Ba8 Na5 40. Bb4
Kb8 41. Bxa5 Kxa8 42. Ke3 Kb7 43. Kf4 fxe4 44. Kxe4 Kc6 45. Ke5 Kd7 46. Bb4 Bc4
47. Kf6 Bd3 48. h4 Bf5 49. g4 Bd3 50. Ba3 Be2 51. Kg7 Ke8 52. Kxh7 Kf7 53. Kh6
Bxf3 54. Kg5 Bd1 55. Bb4 Be2 56. Bc3 Bd1 57. h5 gxh5 58. gxh5 Bc2 59. h6 Bh7 60.
Bd2 Bd3 1/2-1/2